| 000 | 00980cam a22002895a 4500 | ||
|---|---|---|---|
| 001 | 5262494 | ||
| 005 | 20161017105250.0 | ||
| 008 | 040504r20092005stka frb 001 0 eng d | ||
| 020 | _a0443101450 | ||
| 020 | _a9780443101458 | ||
| 040 |
_aDNLM/DLC _cDLC _dYDX _dNLM _dEG-ScBUE _beng |
||
| 082 | 0 | 4 |
_a616.00246176 _222 _bSCU |
| 100 | 1 |
_aScully, Crispian. _939068 |
|
| 245 | 1 | 0 |
_aMedical problems in dentistry / _cCrispian Scully, Roderick A. Cawson. |
| 250 | _a5th ed., Reprint ed. | ||
| 260 |
_aEdinburgh ; _aNew York : _bElsevier Churchill Livingstone, _c2009. |
||
| 300 |
_a683 p. : _bill. (chiefly col.) ; _c29 cm. |
||
| 500 | _aReprinted of 2005 ed. | ||
| 500 | _aIndex : p. 661-683. | ||
| 504 | _aIncludes bibliographical references. | ||
| 650 | 0 |
_aSick _xDental care. _2BUEsh |
|
| 650 | 7 |
_aOral manifestations of general diseases. _2BUEsh _938973 |
|
| 650 | 7 |
_aDentistry. _2BUEsh _939515 |
|
| 653 |
_bDDent _cOctober2016 |
||
| 700 | 1 |
_aCawson, R. A. _941358 |
|
| 942 | _2ddc | ||
| 999 |
_c22628 _d22600 |
||